000 01025cam a22003137a 4500
003 CHAP
005 20220329140446.0
008 971013s1981 r 00010 d
010 _a52280
011 _a53252
035 _a57402
040 _cCHAP
090 _aFolleto 7034
100 0 0 _aPonsen, M. B.
_990845
245 1 4 _aThe digestive system of Eulachnus brevipilosus Biomer (Homoptera : Aphididae)
260 _aWageningen :
_bVeenman & Zonen,
_c1981
300 _a14 p.
_b: ilus.
490 0 _aMededelingen landbouwhogescholl
_v; 81-3
590 _aBATCH-UPD
_b10
_c20130110
_lUCH01
_h0529
590 _aBATCH-UPD
_b10
_c20130410
_lUCH01
_h0209
590 _aBATCH-UPD
_b10
_c20130914
_lUCH01
_h1333
590 _aCONVERSION
_b10
_c20130109
_lUCH01
_h1328
650 1 4 _aEulachnus brevipilosus.
_938839
650 1 4 _aInsectos
_xAnatomĂ­a y fisiologĂ­a.
_958891
830 0 _aMededelingen landbouwhogescholl
_v; 81-3
_973856
901 _aBK
942 _cFOLL
949 _aFolleto 7034
_bBC
_cFOLL
_d-124908
_eTS1
_i57402
_si
999 _c52280
_d52280